000 01159cam a22003257a 4500
003 CHAP
005 20220329141624.0
008 971013s1968 r 00010 d
010 _a71175
011 _a72147
035 _a81701
040 _cCHAP
082 _a382.972016
_bB3 1943-67
110 _aBanco de México. Departamento de Estudios Económicos. Biblioteca
_99834
245 0 _aComercio exterior de México, 1943-1967
260 _aMéxico, D. F. :
_bEl Banco,
_c1968
300 _a89 p.
490 0 _aBanco de México, S. A. Serie de bibliografías especiales
_v; 8
590 _aBATCH-UPD
_b10
_c20130110
_lUCH01
_h0740
590 _aBATCH-UPD
_b10
_c20130110
_lUCH01
_h2345
590 _aBATCH-UPD
_b10
_c20130410
_lUCH01
_h0422
590 _aBATCH-UPD
_b10
_c20130914
_lUCH01
_h1013
590 _aCONVERSION
_b10
_c20130109
_lUCH01
_h1339
650 1 4 _aComercio exterior
_zMéxico.
_925638
650 1 4 _aComercio
_xBibliografía
_xMéxico.
_925564
830 0 _aBanco de México, S. A. Serie de bibliografías especiales
_v; 8
_99832
901 _aBK
942 _cLIBRO
949 _a382.972016 B3 1943-67
_bBC
_cC
_d33724000516621
_eC
_h33523
_i81701
_si
999 _c71175
_d71175